000 02000cam a22004694i 4500
003 PE-LiUPU
005 20250731173033.0
008 150623s1987 r 000 0 eng d
035 _a(Sirsi) a23958
040 _aPE-LiUPU
_bspa
_cPE-LiUPU
_erda
082 0 4 _a286.732
_bM57
_221
245 0 0 _aMeeting the secular mind: some adventist perspectives. Selected working papers of the committee on secularism of the General Conference of Seventh-day Adventist, 1981-1985 /
_ceditado por Humberto M. Rasi and Fritz Guy.
264 1 _aBerrien Springs, Michigan :
_bAndrews University Press,
_c1987.
300 _a206 páginas ;
_c23 centímetros.
336 _atext
_2rdacontent
337 _aunmediated
_2rdamedia
338 _avolume
_2rdacarrier
504 _aIncluye bibliografía.
505 0 _aExploring the secular mind. -Preparing to meet the secular mind. -A message for the secular mind. - Case studies in meeting the secular mind.
526 _aSEG42
526 _aSEG41
526 _aSEG40
526 _aSEG39
526 _aP94
526 _aP87
526 _aP86
526 _aP85
526 _aP77
526 _aP76
526 _aP35
650 0 4 _aAdventistas del Séptimo día
_xSecularismo (Teología).
650 0 4 _aSecularismo
_xtrabajo Evangelístico.
700 1 _aRasi, Humberto M.,
_eed.
700 1 _aGuy, Fritz,
_eed.
942 _2ddc
_cBOOK
949 _a286.732 M57
_wDEWEY
_c1
_i48229
_lCCODEBUL1
_mBUL
_p00.00
_r0
_sY
_tBOOK
_u2015-06-24
_xTEOLOGIA
_PP35
_0COMPRA
_o.STAFF. Colección General
596 _a1
999 _a286.732 M57
_wDEWEY
_c25272
_i48229
_f2021-11-11
_g6
_lCCODEBUL1
_mBUL
_r0
_sY
_tBOOK
_u2015-6-24
_xTEOLOGIA
_PP35
_0COMPRA
_o.STAFF. Colección General
_d25272
999 _a286.732 M57
_wDEWEY
_c2
_i76056
_f2021-11-11
_g5
_lCCODEBUL1
_mBUL
_r0
_sY
_tBOOK
_u2017-6-1
_xTEOLOGIA
_PP85
_0DONACION
_o.STAFF. Colección Teología
980 _81
_gALBERTO SANCHEZ Responsable de Automatización